Personnages de Nausicaä de la Vallée du Vent - Clic quiz d'images Ghibli - Statistiques

Statistiques générales
  • Ce quiz a été pris 73 fois
  • Le résultat moyen est 5 sur 9
Statistiques - réponses
Hint Réponse % Correct
Nausicaä
83%
Teto
77%
Asbel
62%
Lastelle
60%
Jihl
51%
Kushana
51%
Mito
51%
Yupa
51%
Kurotawa
49%
Aucun quiz correspondant
Distribution des résultats
% des personnes avec chaque résultat
Percentile par nombre de réponses
Votre historique - résultats
Vous n’avez pas pris ce quiz